000 00811nam a2200241 i 4500
001 C2-0252150
003 PPAK
005 20180727215352.0
008 031103s1994 my |||| ||||| | may d
040 _aPPAK
_beng
_cPPAK
_erda
082 0 4 _a630.9595
_223
090 0 0 _a630.9595
_bMAL
_dKK
110 2 _aMalaysia, Institut Penyelidikan dan Kemajuan Pertanian
245 0 0 _aKursus teknologi pertanian 1994
264 1 _aSelangor :
_bPusat Pembangunan Sumber Manusia dan Teknologi ,
_c1994
300 _a27 pages ;
_c21 cm
336 _2rdacontent
_atext
337 _2rdamedia
_aunmediated
338 _2rdacarrier
_avolume
650 1 0 _aAgriculture and state - Malaysia ; Agriculture - Research - Malaysia
710 2 _aMalaysia, Institut Penyelidikan dan Kemajuan Pertanian
_eorganizer
942 _ddc
_cB
999 _c65204
_d65204